| 000 | 00519cam a2200181ua 4500 | ||
|---|---|---|---|
| 041 |
_aeng _h |
||
| 082 |
_a658.4034 _bGIL/IN |
||
| 100 | _aGillett, Billy E . | ||
| 245 |
_aIntroduction to operations research: A computer oriented algorithmic approach / _cBilly E Gillet. _hTextual Documents |
||
| 250 |
_a1 / _b. |
||
| 260 |
_aNew Delhi : _bTata Mc-Graw Hill Publishing Company , _c1976. |
||
| 300 | _a617 ; . | ||
| 504 | _a | ||
| 942 | _cBK | ||
| 999 |
_c1572 _d1572 |
||